000
00267nam a2200109Ia 4500
008
190912s9999||||xx |||||||||||||| ||und||
100
_a
Ince,Darrel
245
0
_a
Programming the Internet With Java
260
_a
England
_b
McGraw-Hill
_c
1999
300
_a
387
942
_c
BK
999
_c
7451
_d
7451